000 00606nam a2200229Ia 4500
003 OSt
005 20221006164039.0
006 a|||||r|||| 00| 0
007 ta
008 221006b |||||||| |||| 00| 0 eng d
024 _a3,219
037 _cTextual
040 _aFML
_cFML
_beng
041 _2eng
_aeng
082 _aNRV451, K4
100 _aThurston Frederick Au.
_9676500
245 0 _aClarinet Technology
260 _aLondon
_bOxford University Press
_c1964
300 _a8+92
_ccm.
942 _hNRV451, K4
_cTEXL
_2CC
999 _c1116071
_d1116071